|
|
|
|
| LEADER |
00720cam a2200193 7i4500 |
| 001 |
0000041588 |
| 005 |
20170218090000.0 |
| 020 |
|
|
|a 0072264675 (pbk.)
|
| 020 |
|
|
|a 9780072264678 (pbk.)
|
| 090 |
0 |
0 |
|a QA76.73.S67
|b P75 2004
|
| 100 |
1 |
|
|a Price, Jason
|
| 245 |
1 |
0 |
|a CIS 276 online introduction to SQL :
|b education, career, family, personal
|c taken from Oracle Database 10g SQL by Jason Price.
|
| 250 |
|
|
|a 2nd coustom ed.
|
| 260 |
|
|
|a Singapore:
|b MacGraw-Hill Co.,
|c 2004.
|
| 300 |
|
|
|a 576 p.;
|c 23 cm.
|
| 500 |
|
|
|a Includes index
|
| 650 |
0 |
0 |
|a SQL (Computer program language)
|
| 997 |
|
|
|a Communication, Visual Art & Computing, Faculty
|b Computing, Department
|
| 999 |
|
|
|a 0000030307
|b BOK
|c OPEN SHELF
|e 2nd Floor, Bestari Jaya
|